Reseña histórica del relleno sanitario de Río Azul y consideraciones sobre los metales pesados tratados en él y los presentes en nuestros hogares /
Se realiza una recopilación de los acontecimientos más sobresalientes en la historia del Relleno Sanitario de Río Azul, mediante consulta de documentos y diarios nacionales. La reseña histórica comprende desde el año 1972, cuando se advierte de los posibles efectos nocivos para la salud que pueden p...
Guardado en:
| Hovedforfatter: | |
|---|---|
| Andre forfattere: | |
| Format: | Texto |
| Fag: | |
| Tags: |
Tilføj Tag
Ingen Tags, Vær først til at tagge denne postø!
|
MARC
| LEADER | 00000 a a2200000 04500 | ||
|---|---|---|---|
| 001 | 13661 | ||
| 003 | |||
| 040 | |||
| 100 | |a Mora Chinchilla, Rolando | ||
| 245 | |a Reseña histórica del relleno sanitario de Río Azul y consideraciones sobre los metales pesados tratados en él y los presentes en nuestros hogares / |c Rolando Mora Chinchilla ; Raúl Mora Amador | ||
| 520 | |a Se realiza una recopilación de los acontecimientos más sobresalientes en la historia del Relleno Sanitario de Río Azul, mediante consulta de documentos y diarios nacionales. La reseña histórica comprende desde el año 1972, cuando se advierte de los posibles efectos nocivos para la salud que pueden presentarse a raíz del depósito de desechos tecnológicos. Asimismo, se presenta el método seguido para estimar la masa de metales pesados depositada en el relleno, la cual oscila entre 70000 y 100000 tm. Finalmente se hacen algunas consideraciones sobre los productos químicos caseros y se formulan recomendaciones tendientes a mejorar el manejo de los desechos metálicos | ||
| 650 | |a DESPERDICIOS DOMICILIARIOS | ||
| 650 | |a DESPERDICIOS PELIGROSOS | ||
| 650 | |a TRATAMIENTO DE DESPERDICIOS | ||
| 650 | |a RIESGOS PARA LA SALUD | ||
| 700 | |a Mora Amador, Raúl | ||
| 773 | |g volumen 82, número 2; páginas 47-58 | ||
| 999 | |c 33198 |d 33198 | ||
